Técnica de medidas con el osciloscopio / (Record no. 50473)

MARC details
000 -LEADER
campo de control de longitud fija 00504nam a2200169 i 4500
001 - NÚMERO DE CONTROL
campo de control 50473
003 - IDENTIFICADOR DE NÚMERO DE CONTROL
campo de control ES-MaACL
005 - FECHA Y HORA DE LA ÚLTIMA TRANSACCIÓN
campo de control 20230906162203.0
007 - CAMPO FIJO DE DESCRIPCIÓN FÍSICA--INFORMACIÓN GENERAL
campo de control de longitud fija t|
008 - DATOS DE LONGITUD FIJA--INFORMACIÓN GENERAL
campo de control de longitud fija 030804s1969 sp ||||1| spa d
100 1# - ENTRADA PRINCIPAL--NOMBRE DE PERSONA
Nombre de persona Czech, J.
9 (RLIN) 42326
245 10 - MENCIÓN DEL TÍTULO
Título Técnica de medidas con el osciloscopio /
Mención de responsabilidad, etc. J. Czech ; [traducido por Miguel Molinos Calvo].
260 ## - PUBLICACIÓN, DISTRIBUCIÓN, ETC.
Lugar de publicación, distribución, etc. Madrid :
Nombre del editor, distribuidor, etc. Paraninfo,
Fecha de publicación, distribución, etc. 1969.
300 ## - DESCRIPCIÓN FÍSICA
Extensión 803 p. :
Otras características físicas il. ;
Dimensiones 22 cm.
700 1# - ENTRADA AGREGADA--NOMBRE PERSONAL
Nombre de persona Molinos, Miguel.
9 (RLIN) 82013
852 ## - LOCALIZACIÓN
Ubicación ES-MaACL
Número de control de estantería C-9226
Sublocalización o colección R.71787
Holdings
Estatus retirado Estado de pérdida Estado de daño No para préstamo Biblioteca de origen Biblioteca actual Ubicación en estantería Fecha de adquisición Fuente de adquisición Total de préstamos Signatura topográfica completa Código de barras Visto por última vez Precio de reemplazo Tipo de ítem Koha
        Biblioteca del Ateneo de Madrid Biblioteca del Ateneo de Madrid Sala Palomar 17/01/2008     C-9226 1053094 23/02/2023 23/02/2023 Libro impreso